| 000 | 00447nam a22001817a 4500 | ||
|---|---|---|---|
| 003 | OSt | ||
| 005 | 20140310181827.0 | ||
| 008 | 130706t xxu||||| |||| 00| 0 eng d | ||
| 020 | _a0709706855 | ||
| 050 |
_aAC 1 _b.B544 1990 |
||
| 082 |
_aREF 030 _bB46 1990 |
||
| 245 |
_a366 and more things to know _cAndree Bertino |
||
| 260 |
_aEngland : _bBrown Watson, _c1990 |
||
| 521 | _a | ||
| 541 | _j1 | ||
| 562 | _e1 | ||
| 942 |
_2lcc _cBK-GR _kREF |
||
| 999 |
_c4396 _d4396 |
||